00749cas a2200253u 45000010008000000030009000080050017000170080041000340100017000750400024000920430030001160500015001460820013001612450060001742600037002343000026002713100017002975000012003146510033003266510011003596510015003707000037003858300073004227489309BDDh-ASL20231015025719.0830505m19609999e |||||||||||| ||eng|  a 60011589  aDLCcCarPdBDDh-ASL aa-ce---aa-ii---aa-pk---00aDS335b.S6 a954bSOU00aSouth Asian affairs:bVol-1/cedited by Raghavan Iyer.  aLondon:bChatto & Windus,c1960. av-1, 155 p. :c23 cm. aSeries entry aSerial. 0aPakistan. [from old catalog] 0aIndia. 0aSri Lanka.1 aIyer, Raghavan,d1930-1986,eed. 0aSt. Antony's papers (United States)vno. 8 [etc.] [from old catalog]